00742nam a2200205 a 4500008004100000020002600041245012000067260004500187300003400232504004100266500002000307650003200327650004000359650003300399650005300432700002400485003000100509005001700510040000900527  a9781412913171 (pbk.)10aCommunicating globally :bintercultural communication and international business /cWallace V. Schmidt... [et al.]. aLos Angeles :bSage Publications,c2007. axvi, 319 p. :bill. ;c28 cm. aIncludes bibliographical references. aIncludes index. aCross cultural orientation. aInternational business enterprises. aIntercultural communication. 1aBusibness communication-Cross- cultural studies. aSchmidt, Wallace V.20230123122027.0 cNUST